[Event "CRO-chT1B 32nd"]
[Site "Veli Losinj"]
[Date "2024.10.07"]
[Round "3.1"]
[White "Georgiev, Kiril"]
[Black "Kaasen, Tor Fredrik"]
[Result "1/2-1/2"]
[WhiteElo "2553"]
[BlackElo "2478"]
[PlyCount "98"]
[EventDate "2024.10.05"]
[EventType "team-tourn"]
[EventRounds "9"]
[EventCountry "CRO"]
[SourceTitle "CB47_2024"]
[SourceDate "2024.11.20"]
[SourceVersion "1"]
[SourceVersionDate "2024.11.20"]
[SourceQuality "1"]
[WhiteTeam "Sibenik"]
[BlackTeam "Zagreb Caissa"]
[WhiteTeamCountry "CRO"]
[BlackTeamCountry "CRO"]

1. d4 d5 2. Nf3 Nf6 3. c4 c6 4. Qc2 dxc4 5. Qxc4 Bf5 6. g3 e6 7. Bg2 Be7 8. 0-0 0-0 9. e3 Nbd7 10. Rd1 Rc8 11. Qe2 b5 12. b3 Qb6 13. Bb2 Bg6 14. Nbd2 c5 15. dxc5 Bxc5 16. Bf1 a6 17. a4 Rb8 18. axb5 axb5 19. Rdc1 Rfd8 20. Bd4 Bh5 21. Qe1 Qd6 22. Bxc5 Nxc5 23. Nd4 e5 24. Nxb5 Qb6 25. Nc4 Qxb5 26. Ra5 Nd3 27. Bxd3 Qxb3 28. Bf1 e4 29. Rxh5 Nxh5 30. Na5 Qb2 31. Nc6 Nf6 32. Nxd8 Rxd8 33. Qa5 Rf8 34. Rc7 g6 35. h3 Kg7 36. Qa7 Ne8 37. Rd7 Qe5 38. Re7 Qd5 39. Rd7 Qe5 40. Qb7 Nf6 41. Rc7 Qa1 42. Re7 h5 43. Qb3 Nh7 44. Qb5 Kh6 45. Rxe4 Ng5 46. Ra4 Qd1 47. h4 Nf3+ 48. Kg2 Ne1+ 49. Kg1 Nf3+ 1/2-1/2

[Event "CRO-chT1B 32nd"]
[Site "Veli Losinj"]
[Date "2024.10.06"]
[Round "2.1"]
[White "Kaasen, Tor Fredrik"]
[Black "Lavrencic, Matic"]
[Result "1-0"]
[WhiteElo "2478"]
[BlackElo "2366"]
[PlyCount "107"]
[EventDate "2024.10.05"]
[EventType "team-tourn"]
[EventRounds "9"]
[EventCountry "CRO"]
[SourceTitle "CB47_2024"]
[SourceDate "2024.11.20"]
[SourceVersion "1"]
[SourceVersionDate "2024.11.20"]
[SourceQuality "1"]
[WhiteTeam "Zagreb Caissa"]
[BlackTeam "Rijeka Rijeka"]
[WhiteTeamCountry "CRO"]
[BlackTeamCountry "CRO"]

1. e4 c6 2. Nf3 d5 3. Nc3 Bg4 4. h3 Bxf3 5. Qxf3 e6 6. Be2 Bc5 7. 0-0 Ne7 8. Na4 Bd6 9. d4 dxe4 10. Qxe4 Nd7 11. Rd1 Nf6 12. Qf3 Qa5 13. b3 e5 14. Nc5 Bxc5 15. dxc5 0-0 16. Bg5 e4 17. Qg3 Nfd5 18. Bf1 e3 19. c4 e2 20. Bxe2 Nc3 21. Re1 Nf5 22. Qf4 Nxe2+ 23. Rxe2 Qc3 24. Rd1 g6 25. Qd2 Qxd2 26. Rexd2 f6 27. Bf4 Rf7 28. g4 Nh4 29. Rd7 Re8 30. Kf1 g5 31. Bg3 Nf3 32. R1d3 Re1+ 33. Kg2 Ne5 34. Bxe5 Rxe5 35. Rxf7 Kxf7 36. Rd7+ Re7 37. Rxe7+ Kxe7 38. Kf3 Kf7 39. Ke3 Ke7 40. Kd3 Kd7 41. Ke4 Ke6 42. b4 a6 43. f3 Ke7 44. Kf5 Kf7 45. f4 gxf4 46. Kxf4 Ke6 47. Ke4 Ke7 48. Kf5 Kf7 49. g5 fxg5 50. Kxg5 Kg7 51. a4 Kf7 52. Kf5 h6 53. Ke5 Ke7 54. a5 1-0

[Event "Trondheim Lewis op"]
[Site "Trondheim"]
[Date "2024.08.14"]
[Round "9"]
[White "Kaasen, Tor Fredrik"]
[Black "Wallace, John Paul"]
[Result "1-0"]
[WhiteElo "2484"]
[BlackElo "2389"]
[PlyCount "39"]
[EventDate "2024.08.06"]
[EventType "swiss"]
[EventRounds "9"]
[EventCountry "NOR"]
[SourceTitle "EXT 2025"]
[Source "ChessBase"]
[SourceDate "2024.10.14"]
[SourceVersion "1"]
[SourceVersionDate "2024.10.14"]
[SourceQuality "1"]

1. d4 Nf6 2. c4 e6 3. Nf3 Bb4+ 4. Bd2 Bxd2+ 5. Qxd2 b6 6. g3 Ba6 7. Qc2 c5 8. Bg2 Nc6 9. dxc5 bxc5 10. 0-0 0-0 11. Rd1 Nb4 12. Qc1 d5 13. a3 Nc6 14. cxd5 Bxe2 15. Rd2 Bxf3 16. dxc6 Bd5 17. Qxc5 Qe8 18. Nc3 Bxg2 19. Kxg2 Rc8 20. c7 1-0